000 00680nam a22002177a 4500
003 UA-OsUOA
001 108422
007 ta
008 20141020b un ||||| |||| 00| 0 ukr d
100 _aГнідик І.
090 _a94(477)
_bГ56
942 _cSA
040 _aUA-OsUOA
_bukr
_cUA-OsUOA
_dUA-OsUOA
245 _aПерша українська греко-католицька парафія у Сполучених Штатах Америки
300 _aС.23-28
955 _a0
041 _aukr
080 _a94(477)
773 0 _w108419
_tМандрівець
_dТернопіль
_d2014
_g3
650 7 _a9 Географія. Біографії. Історія
_2UDC
999 _c394873
_d394873